|
|
|
|
| LEADER |
00000nab a2200000 a 4500 |
| 001 |
vtls000673562 |
| 003 |
SK-MaSNL |
| 005 |
20260302190743.0 |
| 008 |
180205c1998 xo 0 slo |
| 015 |
|
|
|a SNBRB1998/11-24007
|
| 035 |
|
|
|a CLN000025738
|
| 040 |
|
|
|a SNKBUCL
|b slo
|c SNKBUCL
|e AACR2
|
| 041 |
0 |
|
|a slo
|
| 044 |
|
|
|a xo
|c SK
|
| 080 |
|
|
|a 331.054.6
|2 UDC-MRF-SK2
|
| 100 |
1 |
|
|a Javorský, Jozef
|4 aut
|9 898795
|
| 245 |
1 |
0 |
|a Tímovú prácu možno účinne využiť pri príprave strategických rozhodnutí, prognózovaní, zmenách organizácie a systému riadenia
|c Jozef Javorský
|
| 650 |
0 |
7 |
|a tímová práca
|2 snkbucl
|9 49781
|
| 655 |
|
7 |
|a články z novín a časopisov
|2 snkbucl
|9 267496
|
| 773 |
0 |
|
|x 1335-0684
|t Trend
|g Roč. 8, č. 45 (1998), s. 16A
|
| 850 |
|
|
|a Slovenská národná knižnica v Martine
|
| 852 |
|
|
|a SNK
|b KIS3GCP
|
| 958 |
|
|
|a RBX
|
| 999 |
|
|
|c 1434713
|d 1436643
|